| 000 | 00548cam a22001814a 4500 | ||
|---|---|---|---|
| 005 | 20250605164402.0 | ||
| 008 | 250528s ||||||||||||||||||||||||d | ||
| 035 | _a24614 | ||
| 040 |
_aGR-AtMCL _bgre _dGR-AtMCL _eAACR2 |
||
| 245 | 1 | _aAramco World | |
| 260 |
_bAramco Americas, _c2022 |
||
| 300 | _a40 | ||
| 520 | _aThe Muralist, Behind Lima's Box Balconies, Sea of Tears and Garden of Memory, Central Asia Women Hit the US Road, Alicatado, Muqarnas. | ||
| 700 | 1 |
_aDoughty Richard _99493 |
|
| 942 | _cCR | ||
| 999 |
_c9483 _d9483 |
||